000 00765cam a2200253 4500
999 _c533156
_d533156
003 Nust
005 20191213104829.0
008 170216b xxu||||| |||| 00| 0 eng d
038 _aMSOHAIL
040 _cNust-
082 _a624.18341
_bDUN
100 1 _aDunham, Clarence W.
_926832
245 1 4 _aThe theory and practice of reinforced concrete.
250 _a3d ed.
260 _aNew York,
_bMcGraw-Hill,
_c1953.
300 _a499 p.
_billus.
_c24 cm.
490 1 _aMcGraw-Hill series in civil engineering
650 0 _aReinforced concrete construction.
_926904
650 7 _aEstruturas De Concreto
_926905
650 7 _aDetalhamento No Concreto Armado
_926906
650 7 _aExecucao De Obras De Concreto
_926907
650 7 _aMCE
_9379
942 _cBK
_2ddc